| 000 | 00543 a2200169 4500 | ||
|---|---|---|---|
| 999 |
_c7736 _d7736 |
||
| 010 | _aENG-88167 | ||
| 020 |
_a8171102786 _c300.00 |
||
| 035 | _aEN-71700 | ||
| 037 | _bDBAD / PUB | ||
| 082 | 1 | 4 | _a181.45 |
| 100 | 1 | _aSharma, Jagadish | |
| 245 | 1 |
_aAnugita : _bthe follow-up Gita (Sanskrit text and English translation) / _cby Jagadish Sharma |
|
| 260 |
_aDelhi _bParimal Publications _c2006 |
||
| 270 |
_a27/28 & 22/3, Shakti Nagar _bDelhi _e110 007. |
||
| 300 |
_axxx, 228 p. _c22 cm (Hb) |
||
| 942 |
_adpl _cEN _2ddc _h181.45 _mSHA |
||